Statistics for Letters That Are Not In The Name Of Any Country That Have Won The FIFA World Cup

Click here to take the quiz!

General Stats

  • This quiz has been taken 33 times
  • The average score is 5 of 7

Answer Stats

Answer% Correct
H
86%
J
79%
K
72%
Q
66%
X
59%
O
52%
V
52%

Score Distribution

Percentile by Number Answered

Percent of People with Each Score

Your Score History

You have not taken this quiz